| 000 | 00756nam a2200205 i 4500 | ||
|---|---|---|---|
| 001 | 150935 | ||
| 003 | ES-MaACL | ||
| 005 | 20230906203752.0 | ||
| 007 | t| | ||
| 008 | 071120q18951899fr ||||1| fre d | ||
| 100 | 1 |
_aDarmesteter, Arsène ( _d1846-1888) _942735 |
|
| 245 | 1 | 0 |
_aCours de grammaire historique de la langue française / _cArsène Darmesteter ; publiée par les soins de M. Léopold Sudre. |
| 250 | _a4e éd. | ||
| 260 |
_aParis : _bCh. Delagrave, _c[189-?] |
||
| 300 |
_av. <2-4> ; _c19 cm. |
||
| 505 | 8 | _aContiene: 2ª parte : Morphologie - 3ª parte : Formation des mots et vie des mots. - 4º parte : Syntaxe | |
| 650 | 0 | 4 |
_aLengua francesa- _xGramática. _914220 |
| 700 | 1 |
_aSudre, Léopold. _9108721 |
|
| 852 |
_aES-MaACL _jB-4274-76 |
||
| 999 |
_c150935 _d150935 |
||